| Tag |
First Indicator |
Second Indicator |
Subfields |
| LEADER |
00000cam a2200000 a 4500 |
| 001 |
in00005750708 |
| 005 |
20260326193122.7 |
| 006 |
m o d |
| 007 |
cr cnu---unuuu |
| 008 |
121126s1978 xx o 000 0 eng d |
| 040 |
|
|
|a OPELS
|b eng
|e pn
|c OPELS
|d OCLCF
|d UIU
|d OCLCQ
|d LEAUB
|d OCLCQ
|d OCLCO
|d OCLCQ
|d OCLCO
|d OCLCL
|d OCLCQ
|d OCLCL
|d OCLCQ
|
| 020 |
|
|
|z 9780123564023
|
| 020 |
|
|
|z 0123564026
|
| 035 |
|
|
|a (OCoLC)819330661
|
| 050 |
|
4 |
|a SB731
|b .P53 1978
|
| 082 |
0 |
4 |
|a 632/.3
|2 23
|
| 049 |
|
|
|a TXAM
|
| 245 |
0 |
0 |
|a Plant disease.
|n [Volume 2],
|p How disease develops in populations :
|b an advanced treatise /
|c [edited by] James G. Horsfall.
|
| 246 |
3 |
0 |
|a How disease develops in populations
|
| 260 |
|
|
|a [Place of publication not identified] :
|b Academic Press,
|c 1978.
|
| 300 |
|
|
|a 1 online resource
|
| 336 |
|
|
|a text
|b txt
|2 rdacontent
|
| 337 |
|
|
|a computer
|b c
|2 rdamedia
|
| 338 |
|
|
|a online resource
|b cr
|2 rdacarrier
|
| 588 |
0 |
|
|a Publisher supplied information; title not viewed.
|
| 650 |
|
0 |
|a Plant diseases.
|
| 650 |
|
2 |
|a Plant Diseases
|
| 650 |
|
6 |
|a Plantes
|x Maladies et fléaux.
|
| 650 |
|
7 |
|a Plant diseases
|2 fast
|
| 655 |
|
7 |
|a Electronic books.
|2 local
|
| 700 |
1 |
|
|a Horsfall, James G.
|q (James Gordon),
|d 1905-1995.
|
| 710 |
2 |
|
|a ScienceDirect (Online service)
|
| 856 |
4 |
0 |
|u http://proxy.library.tamu.edu/login?url=https://www.sciencedirect.com/science/book/9780123564023
|z Connect to the full text of this electronic book
|t 0
|
| 955 |
|
|
|a Elsevier ScienceDirect 2026-2027
|
| 994 |
|
|
|a 92
|b TXA
|
| 999 |
f |
f |
|i 4e379134-8229-4c9c-a2cf-39da7fdd5ed7
|s 7f83c416-7c07-49f5-8caf-f2c4e3e22fdf
|t 0
|
| 952 |
f |
f |
|a Texas A&M University
|b College Station
|c Electronic Resources
|s www_evans
|d Available Online
|t 0
|e SB731 .P53 1978
|h Library of Congress classification
|
| 998 |
f |
f |
|a SB731 .P53 1978
|t 0
|l Available Online
|